[Event "Mittelrhein Verbandsliga West 1920"]
[Site "Mittelrhein"]
[Date "2019.12.08"]
[Round "4.1"]
[White "Heuser, Friedhelm"]
[Black "Geerling, Anton"]
[Result "1-0"]
[WhiteElo "1941"]
[BlackElo "1984"]
[PlyCount "55"]
[EventDate "2019.09.29"]
[EventType "team-tourn"]
[EventRounds "9"]
[EventCountry "GER"]
[SourceTitle "EXT 2023"]
[Source "ChessBase"]
[SourceDate "2022.10.05"]
[SourceVersion "1"]
[SourceVersionDate "2022.10.05"]
[SourceQuality "1"]
[WhiteTeam "Bruehl II"]
[BlackTeam "Aachen SV III"]
[WhiteTeamCountry "GER"]
[BlackTeamCountry "GER"]

1. e4 e5 2. Nf3 Nc6 3. d4 exd4 4. Nxd4 Nf6 5. Nc3 Bb4 6. Nxc6 bxc6 7. Bd3 d5 8. e5 Ng4 9. 0-0 0-0 10. Bf4 g5 11. Bg3 Re8 12. Re1 c5 13. e6 Rxe6 14. Qf3 c6 15. Bxh7+ Kg7 16. Rxe6 Bxe6 17. Bf5 Bxf5 18. Qxf5 Nh6 19. Be5+ Kg8 20. Qh3 Kh7 21. Rd1 f6 22. Qd3+ Kg7 23. Bg3 Qe7 24. h4 c4 25. Qd2 Re8 26. hxg5 fxg5 27. a3 Ba5 28. Nxd5 1-0

[Event "Mittelrhein Verbandsliga-S 18/19"]
[Site "Nordrheinwestfalen"]
[Date "2019.03.10"]
[Round "8.5"]
[White "Kessler, Ulrich"]
[Black "Heuser, Friedhelm"]
[Result "0-1"]
[WhiteElo "1895"]
[BlackElo "1951"]
[PlyCount "122"]
[EventDate "2018.09.02"]
[EventType "team-tourn"]
[EventRounds "11"]
[EventCountry "GER"]
[SourceTitle "EXT 2022"]
[Source "ChessBase"]
[SourceDate "2021.10.06"]
[SourceVersion "1"]
[SourceVersionDate "2021.10.06"]
[SourceQuality "1"]
[WhiteTeam "Troisdorf"]
[BlackTeam "Bruehl II"]
[WhiteTeamCountry "GER"]
[BlackTeamCountry "GER"]

1. Nf3 Nf6 2. g3 g6 3. b3 Bg7 4. Bb2 0-0 5. Bg2 d5 6. c4 c6 7. 0-0 Be6 8. d3 Qc8 9. Ng5 Bd7 10. Nd2 h6 11. Ngf3 Bh3 12. cxd5 Bxg2 13. Kxg2 Nxd5 14. Bxg7 Kxg7 15. Rc1 Nd7 16. Nc4 Qc7 17. Qd2 Rad8 18. b4 e5 19. Qb2 f6 20. b5 c5 21. e3 b6 22. d4 e4 23. Ne1 Rfe8 24. Nc2 cxd4 25. Nxd4 Nc5 26. Nd2 Qf7 27. Qb1 f5 28. Nc6 Rd7 29. Nc4 Qf6 30. Qb2 Qxb2 31. Nxb2 Nc7 32. Nd4 Kf6 33. Rfd1 Red8 34. a4 N7e6 35. a5 Nxd4 36. exd4 Rxd4 37. Rxd4 Rxd4 38. axb6 axb6 39. Nc4 Nd3 40. Rc3 Ne1+ 41. Kf1 Nf3 42. Kg2 Rd1 43. Rxf3 exf3+ 44. Kxf3 Rb1 45. Nxb6 Rxb5 46. Nc4 Rb3+ 47. Kg2 g5 48. h3 Rc3 49. Nd2 Ke5 50. Nf3+ Ke4 51. Nd2+ Kd3 52. Nf3 Rc5 53. Ng1 g4 54. Kf1 Ra5 55. hxg4 fxg4 56. Kg2 Kd2 57. Kf1 Ra1+ 58. Kg2 Ke1 59. f3 Ra2+ 60. Kh1 Kf2 61. Kh2 Ra1 0-1

[Event "Mittelrhein Verbandsliga-S 18/19"]
[Site "Nordrheinwestfalen"]
[Date "2019.02.10"]
[Round "7.3"]
[White "Preiss, Wolfgang"]
[Black "Heuser, Friedhelm"]
[Result "1/2-1/2"]
[WhiteElo "1787"]
[BlackElo "1951"]
[PlyCount "120"]
[EventDate "2018.09.02"]
[EventType "team-tourn"]
[EventRounds "11"]
[EventCountry "GER"]
[SourceTitle "EXT 2022"]
[Source "ChessBase"]
[SourceDate "2021.10.06"]
[SourceVersion "1"]
[SourceVersionDate "2021.10.06"]
[SourceQuality "1"]
[WhiteTeam "Bergische SF II"]
[BlackTeam "Bruehl II"]
[WhiteTeamCountry "GER"]
[BlackTeamCountry "GER"]

1. c4 e5 2. Nc3 f5 3. e4 d6 4. d4 exd4 5. Qxd4 Nc6 6. Qd1 Nf6 7. exf5 Bxf5 8. Bd3 Qd7 9. Bg5 0-0-0 10. Nge2 Ne5 11. Bc2 Bxc2 12. Qxc2 Qg4 13. Bxf6 gxf6 14. 0-0-0 Qxc4 15. Qf5+ Kb8 16. Qxf6 Re8 17. f4 Ng6 18. Rd4 Qc6 19. Qg5 Bg7 20. Rd2 Rhf8 21. Rc2 Bf6 22. Qd5 Bxc3 23. Qxc6 bxc6 24. bxc3 Nxf4 25. Nxf4 Rxf4 26. Kd1 c5 27. Re2 Rxe2 28. Kxe2 d5 29. Rb1+ Kc8 30. Rb5 Rc4 31. Kd3 c6 32. Rb2 Kc7 33. Rf2 Rh4 34. h3 Rh6 35. Rf3 c4+ 36. Ke3 Kd6 37. g4 Re6+ 38. Kd2 c5 39. Rf7 Re7 40. Rf6+ Ke5 41. Rc6 Rb7 42. Kc2 Rf7 43. Rxc5 Rf2+ 44. Kb1 Rf3 45. Kb2 Rxh3 46. Ra5 Rh2+ 47. Ka3 Ke4 48. Rxa7 Kd3 49. Kb4 Rb2+ 50. Kc5 Kxc3 51. Rxh7 Rd2 52. g5 Kb2 53. g6 c3 54. Rb7+ Kxa2 55. g7 Rg2 56. Ra7+ Kb2 57. Rb7+ Kc2 58. Kxd5 Kd2 59. Ke6 c2 60. Rd7+ Ke2 1/2-1/2

[Event "Mittelrhein Regionalliga 18/19"]
[Site "Nordrheinwestfalen"]
[Date "2018.10.28"]
[Round "3.7"]
[White "Heuser, Friedhelm"]
[Black "Rache, Ralf"]
[Result "1-0"]
[WhiteElo "1954"]
[BlackElo "1836"]
[PlyCount "102"]
[EventDate "2018.10.28"]
[EventType "team-tourn"]
[EventRounds "11"]
[EventCountry "GER"]
[SourceTitle "EXT 2022"]
[Source "ChessBase"]
[SourceDate "2021.10.06"]
[SourceVersion "1"]
[SourceVersionDate "2021.10.06"]
[SourceQuality "1"]
[WhiteTeam "Bruehl"]
[BlackTeam "Aachen SV II"]
[WhiteTeamCountry "GER"]
[BlackTeamCountry "GER"]

1. e4 c5 2. Nf3 Nc6 3. Bb5 g6 4. 0-0 Bg7 5. Bxc6 dxc6 6. d3 Nf6 7. Qe2 0-0 8. Bd2 Bg4 9. Bc3 Ne8 10. h3 Bxf3 11. Qxf3 Nc7 12. Bxg7 Kxg7 13. Nd2 e5 14. Qe3 Ne6 15. Rad1 Qe7 16. g3 Rad8 17. f4 Nd4 18. c3 exf4 19. gxf4 Nf5 20. Qf3 Nh6 21. Nc4 f6 22. Qg3 Nf7 23. Ne3 Kh8 24. Qh4 g5 25. Qh5 gxf4 26. Rxf4 Qe5 27. Qxe5 Nxe5 28. d4 cxd4 29. cxd4 Rg8+ 30. Kf2 Nd7 31. Ng4 Rg6 32. Ke3 h5 33. Nh2 Rg3+ 34. Rf3 Rdg8 35. Rdf1 R8g5 36. Kf4 Rxf3+ 37. Kxf3 Kg7 38. h4 Rb5 39. Rf2 Kf7 40. Nf1 Ra5 41. b3 Rb5 42. Ke3 Ke6 43. Ng3 a5 44. Rf5 c5 45. d5+ Ke7 46. Rxh5 Ne5 47. Nf5+ Kd8 48. Rh8+ Kd7 49. Rh7+ Kd8 50. Nd6 Rb6 51. Nxb7+ Kc8 1-0

[Event "Mittelrhein Verbandsliga-W 17/18"]
[Site "Nordrheinwestfalen"]
[Date "2018.02.25"]
[Round "8.1"]
[White "Heuser, Friedhelm"]
[Black "Meirick, Ingo"]
[Result "0-1"]
[WhiteElo "1959"]
[BlackElo "2177"]
[PlyCount "36"]
[EventDate "2017.09.10"]
[EventType "team-tourn"]
[EventRounds "11"]
[EventCountry "GER"]
[SourceTitle "EXT 2022"]
[Source "ChessBase"]
[SourceDate "2021.10.06"]
[SourceVersion "1"]
[SourceVersionDate "2021.10.06"]
[SourceQuality "1"]
[WhiteTeam "Bruehl III"]
[BlackTeam "Herzogenrath"]
[WhiteTeamCountry "GER"]
[BlackTeamCountry "GER"]

1. e4 c6 2. d4 d5 3. exd5 cxd5 4. c4 Nf6 5. Nf3 g6 6. Nc3 Bg7 7. Bf4 0-0 8. c5 b6 9. b4 Bg4 10. Be2 Ne4 11. Rc1 Nc6 12. b5 Bxf3 13. bxc6 Nxc3 14. Rxc3 Bxe2 15. Kxe2 Qc8 16. cxb6 axb6 17. Qd2 Qg4+ 18. Kf1 Rxa2 0-1

[Event "Mittelrhein Verbandsliga-W 17/18"]
[Site "Nordrheinwestfalen"]
[Date "2017.11.12"]
[Round "4.1"]
[White "Abolianin, Arthur"]
[Black "Heuser, Friedhelm"]
[Result "1-0"]
[WhiteElo "2308"]
[BlackElo "1983"]
[PlyCount "109"]
[EventDate "2017.09.10"]
[EventType "team-tourn"]
[EventRounds "11"]
[EventCountry "GER"]
[SourceTitle "EXT 2022"]
[Source "ChessBase"]
[SourceDate "2021.10.06"]
[SourceVersion "1"]
[SourceVersionDate "2021.10.06"]
[SourceQuality "1"]
[WhiteTeam "Alsdorf SVG"]
[BlackTeam "Bruehl III"]
[WhiteTeamCountry "GER"]
[BlackTeamCountry "GER"]

1. g3 Nf6 2. Bg2 g6 3. c4 c5 4. Nc3 Bg7 5. a3 Nc6 6. Rb1 0-0 7. b4 cxb4 8. axb4 d6 9. b5 Ne5 10. d3 Qc7 11. Nh3 d5 12. Nxd5 Nxd5 13. cxd5 Rd8 14. Nf4 Rd6 15. 0-0 a6 16. Ba3 Rb6 17. d6 Qd7 18. Nd5 Rxb5 19. Rxb5 Qxb5 20. Nc7 Qa5 21. dxe7 Bd7 22. Nxa8 Qxa3 23. d4 Nc6 24. Qb1 Nxe7 25. Qxb7 Bb5 26. Qb8+ Bf8 27. Bf3 Nf5 28. Qa7 Qa4 29. Nc7 Nxd4 30. Nxb5 Nxf3+ 31. exf3 axb5 32. Qxa4 bxa4 33. Rc1 Kg7 34. Rc6 a3 35. Kf1 Be7 36. Ra6 Bc5 37. Ke2 Kf8 38. Kd3 Ke7 39. Kc4 Bxf2 40. Rxa3 Bg1 41. Ra2 Ke6 42. Kd3 Kd5 43. Rg2 Bc5 44. Re2 h5 45. Kd2 Kd6 46. Ke1 Kd5 47. Re8 Kd6 48. Kf1 Kd7 49. Re2 Kd6 50. Kg2 Kd7 51. f4 f5 52. Kf3 Bb6 53. Ra2 Bc7 54. Ra7 Kd8 55. Ra6 1-0

[Event "Mittelrhein Verbandsliga-W 15/16"]
[Site "Nordrheinwestfalen"]
[Date "2016.04.10"]
[Round "10.2"]
[White "Heuser, Friedhelm"]
[Black "Schreyer, Oliver"]
[Result "1-0"]
[WhiteElo "1971"]
[BlackElo "2082"]
[PlyCount "81"]
[EventDate "2015.09.06"]
[EventType "team-tourn"]
[EventRounds "11"]
[EventCountry "GER"]
[SourceTitle "EXT 2022"]
[Source "ChessBase"]
[SourceDate "2021.10.06"]
[SourceVersion "1"]
[SourceVersionDate "2021.10.06"]
[SourceQuality "1"]
[WhiteTeam "Bruehl II"]
[BlackTeam "Herzogenrath"]
[WhiteTeamCountry "GER"]
[BlackTeamCountry "GER"]

1. e4 d5 2. exd5 Qxd5 3. Nc3 Qa5 4. d4 Nf6 5. Bd3 Bg4 6. f3 Bh5 7. Nge2 e6 8. 0-0 Be7 9. Bf4 Nbd7 10. a3 c6 11. Ne4 0-0 12. c4 b5 13. Rc1 Rfc8 14. Nd6 Bxd6 15. Bxd6 Bg6 16. Nc3 Bxd3 17. Qxd3 bxc4 18. Qxc4 Nb6 19. Qd3 Nbd5 20. Ne4 Qb5 21. Qd2 Ne8 22. Bg3 Rd8 23. Rc5 Qb6 24. Rfc1 Rac8 25. R1c4 Ne7 26. Qe2 Rd5 27. Rb4 Qd8 28. Bf2 Rb8 29. Rxb8 Qxb8 30. b4 Qb6 31. Rc1 Qb7 32. Nc5 Qb5 33. Qe1 Nf6 34. Ne4 Qa6 35. Qc3 Qa4 36. Bh4 Rf5 37. g4 Ned5 38. Qxc6 Qxc6 39. Rxc6 Ne7 40. gxf5 Nxc6 41. Nxf6+ 1-0

[Event "Mittelrhein Verbandsliga-O 1112"]
[Site "Germany"]
[Date "2011.09.18"]
[Round "1"]
[White "Heuser, Friedhelm"]
[Black "Prinz, Rene"]
[Result "1-0"]
[WhiteElo "1909"]
[BlackElo "1963"]
[PlyCount "83"]
[EventDate "2011.09.18"]
[EventType "team-tourn"]
[EventRounds "11"]
[EventCountry "GER"]
[SourceTitle "EXT 2013"]
[Source "ChessBase"]
[SourceDate "2012.11.22"]
[SourceVersion "1"]
[SourceVersionDate "2012.11.22"]
[SourceQuality "1"]
[WhiteTeam "Bruehl III"]
[BlackTeam "Freibauer Eikamp"]
[WhiteTeamCountry "GER"]
[BlackTeamCountry "GER"]

1. e4 e6 2. b3 d5 3. Bb2 c5 4. exd5 exd5 5. Nf3 Nc6 6. d4 Nf6 7. Nbd2 Be7 8. Bd3 Bg4 9. dxc5 Qa5 10. 0-0 Qxc5 11. a3 a6 12. b4 Qd6 13. c4 0-0 14. c5 Qf4 15. Qc2 h6 16. Rfe1 Bxf3 17. Nxf3 Nd7 18. Rad1 Bf6 19. Bc1 Qc7 20. Bh7+ Kh8 21. Rxd5 Nde5 22. Be4 Rfe8 23. Red1 Re7 24. Nxe5 Bxe5 25. g3 Rae8 26. Bf3 Qc8 27. Kg2 Qe6 28. Bb2 Qf6 29. Bxe5 Nxe5 30. Qc3 Re6 31. Rd6 Nxf3 32. Qxf3 Qxf3+ 33. Kxf3 Kg8 34. Rxe6 fxe6 35. Rd7 Rf8+ 36. Ke3 Rf7 37. Rxf7 Kxf7 38. Ke4 Kf6 39. a4 Ke7 40. Ke5 Kd7 41. b5 a5 42. f4 1-0